000 00924nam a22001577a 4500
005 20260701142306.0
020 _a9781633434882
082 _a006.3DHA
100 _aDhamani, Numa.
245 _aIntroduction to Generative AI
_bReliable, Responsible, and Real-World Applications
260 _aNew York
_bManning Publications Co.
_c2025
300 _axviii, 480p.
_bill.; 24 cm
520 _aAI tools like ChatGPT and Gemini, automated coding tools like Cursor and Copilot, and countless LLM-powered agents have become a part of daily life. They’ve also spawned a storm of misinformation, hype, and doomsaying that makes it tough to understand exactly what Generative AI actually is and what it can really do. This book delivers a clear, well-written survey of generative AI fundamentals along with the techniques and strategies you need to use AI safely and effectively.
650 _aArtificial intelligence
942 _cBK
999 _c11541
_d11541